A-Z World Geography - Statistics

General Stats
  • This quiz has been taken 70 times
  • The average score is 15 of 26
Answer Stats
Letter Hint Answer % Correct
W Capital of the United States Washington D.C.
92%
J Island located west of Bali Java
90%
Z Last country alphabetically Zimbabwe
90%
Q Australian State with the city of Gold Coast Queensland
89%
T Region in Italy whose capital is Florence Tuscany
87%
O Canadian Province or a Great Lake Ontario
86%
E Capital of Alberta Edmonton
84%
A Biggest city in Alaska by population Anchorage
83%
F Biggest region in Belgium Flanders
79%
B Island in Northeastern Canada Baffin
76%
L Capital of Bolivia La Paz
76%
U “Breadbasket of Europe” Ukraine
76%
C Rainforest in Central Africa Congo
71%
Y River in Alaska and Northwestern Canada Yukon
70%
R Second biggest city in Nevada by population Reno
62%
N Region in Northeastern USA New England
51%
G Ahmedabad is this Indian State’s biggest city Gujarat
40%
S South of the Sahara Sahel
32%
D Second biggest city in Cameroon Douala
30%
I Another name for South Asia Indian Subcontinent
27%
P Second biggest subdivision in Brazil by area Parà
22%
X Region in Northwestern China Xinjiang
21%
V Also known as Benares Varanasi
17%
H Second biggest city in Afghanistan Herat
16%
M Mountain Range in Northwest Territories and Yukon Mackenzie Mountains
11%
K Mountain Range in Eastern Russia Kolyma Mountains
2%
No matching quizzes found
Score Distribution
Percent of People with Each Score
Percentile by Number Answered
Your Score History
You have not taken this quiz